000 00923pam a2200265 a 4500
001 2441
005 20250828150515.0
020 _a078073003952
040 _aDLC
_cDLC
_dDLC
_beng
050 0 0 _aTD868.M34
082 0 0 _a625.763
100 1 _aMaestro, Betsy
245 1 0 _aSnow day
_cby Betsy Maestro ; illustrated by Giulio Maestro
260 _aNew York
_bScholastic
_c1989
300 _a30 unnumbered pages :
_bColor illustrations ;
_c21 cm
505 _aF
520 _aText and illustrations describe what happens after a major snowstorm, from plowing driveways and rescuing stranded motorists to clearing train tracks, airports, and harbors.
521 _a300
_bLexile
521 _aF
_bRaz-Plus
650 0 _aSnow removal
_xJuvenile literature.
650 1 _aSnow removal.
700 1 _aMaestro, Giulio
_eillustrator
906 _a7
_bcbc
_corignew
_d1
_eocip
_f19
_gy-gencatlg
942 _2ddc
_cBK
_n0
999 _c2441
_d2441